000 01326cab a2200493 4500
001 ABS57578
008 090401t1997 xxu||||| |||| 00| 0 eng d
035 _a(Sirsi) u80721
041 _aeng
245 _aFocus `97 : Central London boroughs
260 _c1997
350 _a0
490 _aEstates Gazette
_v(9736) 6 September 1997, 127-153(16)
650 _aBATTERSEA POWER STATION
650 _aBATTERSEA
650 _aBRIXTON
650 _aCAMDEN
650 _aCENTRAL LONDON
650 _aCHELSEA VILLAGE
650 _aCHELSEA
650 _aDOCKLANDS LIGHT RAILWAY
650 _aDOCKLANDS
650 _aEALING
650 _aGREENWICH
650 _aHACKNEY
650 _aINDUSTRIAL MARKET
650 _aJUBILEE LINE
650 _aKENSINGTON
650 _aLAMBETH
650 _aLAND PRICES
650 _aLEISURE DEVELOPMENT
650 _aLEWISHAM
650 _aLONDON BOROUGHS
650 _aMERTON
650 _aPROPERTY-COMMERCIAL PROPERTY-OFFICE PROPERTY-OFFICE PROPERTY MARKET
650 _aPARK ROYAL
650 _aPROPERTY-COMMERCIAL PROPERTY-RETAIL PROPERTY-RETAIL PROPERTY MARKET
650 _aSOUTHWARK
650 _aWEMBLEY
650 _aWIMBLEDON
690 _aPROPERTY-COMMERCIAL PROPERTY-COMMERCIAL PROPERTY MARKET
942 _n0
948 _c08/09/1997
999 _c50822
_d50822